Gaming Quiz

Random Gaming or Clickable Quiz

100 Video Game Character Surnames (Hard) Quiz Stats

Quiz not verified by Sporcle

Also try: Name the Toy
Challenge
Share
Tweet
Embed
Score 0/100 Timer 10:00
0 Plays Today
% Correct
Croft
85.9%
Aran
77.8%
Freeman
74.2%
Wright
69.2%
Strife
66.7%
Cortex
66.7%
Auditore
62.6%
Belmont
59.6%
Robotnik
58.1%
Hayabusa
56.6%
Tsung
56.6%
Nook
56.6%
Threepwood
56.1%
Johnson
49%
Touchdown
43.4%
Wily
41.9%
West
41.4%
MacTavish
39.4%
Haggar
37.4%
Kerrigan
36.4%
Clarke
35.9%
Emmerich
33.8%
Phelps
31.8%
Mercer
31.3%
Honda
31.3%
T'Soni
29.8%
Sullivan
27.8%
Cohen
27.8%
Santiago
27.8%
Nails
27.3%
Blazkowicz
26.8%
Jensen
25.3%
Kazama
24.2%
Cao
23.2%
% Correct
Hale
22.2%
Burton
21.2%
Riggs
21.2%
Lee
20.7%
Cain
20.2%
Qwark
19.7%
Laffer
19.2%
Mason
19.2%
Rodriguez
19.2%
Hazuki
18.7%
Gat
17.7%
Shelby
16.2%
Stiles
16.2%
Thunderhead
16.2%
West Dickens
13.1%
Starling
10.6%
Speed
10.1%
Von Krone
10.1%
Carnby
10.1%
Stobbart
9.6%
Kiryu
9.6%
Brooks
9.1%
Everett
9.1%
Lyons
8.6%
Kane
8.6%
Carver
8.6%
Scaletta
7.6%
Fireseed
7.6%
Dunbar
7.1%
Hunter
7.1%
Hinasaki
7.1%
Hamilton
6.6%
Nishidake
6.1%
Burnwood
6.1%
% Correct
Rios
6.1%
Tachibana
5.6%
Hinamoto
5.6%
Devlin
5.1%
Taylor
5.1%
Breaker
5.1%
Ackerman
5.1%
Blackburn
5.1%
Jones
4.5%
Hideyasu
4.5%
Blackmore
4.5%
Bliss
4.5%
Patterson
4.5%
McCall
4.5%
Miles
4%
Vattic
4%
Handforth
4%
Carter
4%
Starkweather
4%
Smith
3.5%
White
3.5%
Thomas
3.5%
Beck
3.5%
Jacobs
3%
Bumby
3%
Blake
3%
Martin
3%
Mitchell
2.5%
Overbeck
2.5%
Da Silva
2.5%
Dunn
2.5%
Betters
2%

You're not logged in!

Compare scores with friends on all Sporcle quizzes.
Sign Up with Email
OR
Log In

You Might Also Like...

Show Comments

Extras

Top Quizzes Today


Score Distribution

Your Account Isn't Verified!

In order to create a playlist on Sporcle, you need to verify the email address you used during registration. Go to your Sporcle Settings to finish the process.

Report this User

Report this user for behavior that violates our Community Guidelines.

Details: